00386nam a2200157Ia 4500001000500000005001700005008004100022041000800063082001600071100003400087245005400121260000900175300002800184650000800212654000800220848620260306160613.0260306t2013||||xx |||||||||||||| ||spa|| aESP a371.1bM27C aNovella Coquis, AngelinaeAUT 0aEl crecimiento emocional del niño en la escuela c2013 a134 páginas :c21 cm. aGEN aCED